[Event "PAR-ch"]
[Site "Asunicon"]
[Date "1999.??.??"]
[Round "8"]
[White "Acevedo, Victor"]
[Black "Sosa Harrison, Jorge"]
[Result "0-1"]
[WhiteElo "2085"]
[BlackElo "2260"]

1.e4 c5 2.Nf3 d6 3.d4 cxd4 4.Nxd4 Nf6 5.Nc3 Nc6 6.Bg5 Qa5 7.Bxf6 gxf6 8.Nb3 Qe5
9.Qd2 Qh5 10.Be2 Bg4 11.Bxg4 Qxg4 12.f3 Qg5 13.f4 Qh5 14.Nd5 Rc8 15.Rd1 Qh4+
16.g3 Qh3 17.Qe2 Rg8 18.Kd2 Rg6 19.Kc1 Bh6 20.Kb1 Kf8 21.Rhf1 f5 22.Nd4 fxe4
23.f5 Nxd4 24.Rxd4 Rg4 25.f6 e6 26.Nc3 d5 27.Rfd1 Kg8 28.Qb5 Rg6 29.Qxb7 Rf8
30.Qe7 Bg5 31.Nxe4 Be3 32.Nc5 Bxd4 33.Nxe6 Qxe6  0-1

[Event "ROM-ch sf"]
[Site "Baile Tusnad"]
[Date "1999.??.??"]
[Round "1"]
[White "Ilinca, Alexandru"]
[Black "Itkis, Boris"]
[Result "1-0"]
[WhiteElo "2170"]
[BlackElo "2437"]

1.e4 c5 2.Nf3 d6 3.d4 cxd4 4.Nxd4 Nf6 5.Nc3 Nc6 6.Bg5 Qb6 7.Nb3 e6 8.Qd2 a6
9.Be2 Bd7 10.O-O-O Rc8 11.f4 Qc7 12.Rhe1 Be7 13.Bf3 O-O 14.e5 dxe5 15.Bxf6 gxf6
16.Qxd7 exf4 17.Bxc6 bxc6 18.Qxc7 Rxc7 19.Rd4 e5 20.Ra4 Ra7 21.Na5 Rc8 22.Rc4 Rac7
23.Na4 c5 24.Rd1 Rb8 25.a3 f5 26.Rd5 f6 27.b4 Kf7 28.Nxc5 Rg8 29.Rd2 e4 30.Re2 Bd6
31.Ncb7 Be5 32.Rxc7+ Bxc7 33.Nc4 Ke6 34.Kd2 Kd5 35.Kc3 e3 36.Nc5 Be5+ 37.Kd3 h5
38.Nxa6 Rd8 39.Nxe5 fxe5 40.c4+ Ke6+ 41.Kc2 e4 42.Nc7+ Ke5 43.Nd5 h4 44.h3 Ra8
45.Kb3 Rf8 46.b5 f3 47.gxf3 f4 48.Nxe3 fxe3 49.fxe4 Kxe4 50.Kb4 Rf2 51.Re1 Kd4
52.c5 Rb2+ 53.Ka4 e2 54.c6 Rc2 55.Ka5  1-0

[Event "Barranquilla Carnaval Cup 10th"]
[Site "Barranquilla"]
[Date "1999.??.??"]
[Round "5"]
[White "Garcia, Gildardo"]
[Black "Zapata, Alonso"]
[Result "1/2-1/2"]
[WhiteElo "2446"]
[BlackElo "2454"]

1.e4 c5 2.Nf3 d6 3.d4 cxd4 4.Nxd4 Nf6 5.Nc3 Nc6 6.Bg5 Bd7 7.Qd2 Rc8 8.Bxf6 gxf6
9.Nf5 Qa5 10.Bd3 Ne5 11.O-O a6 12.Kh1 e6 13.Ne3 h5 14.Be2 Qb4 15.Rab1 b5
16.f4 Ng6 17.f5 Ne5 18.fxe6 fxe6 19.Rxf6 Be7 20.Rff1 Bg5 21.a3 Qc5 22.Ncd1 Ng6
23.c4 Bc6 24.b4 Qe5 25.cxb5 Bxe4 26.Rc1 Ke7 27.Rxc8 Rxc8 28.bxa6 Nh4 29.Rf2 Rc2
30.Qe1 Nxg2 31.Rxg2 Bxe3 32.Nxe3 Bxg2+ 33.Nxg2 Rxe2 34.Qc1 Ra2 35.Qc7+ Kf6
36.Qd8+ Kf5 37.Qf8+ Ke4 38.Qf1  1/2-1/2

[Event "Oberliga Bayern9899"]
[Site "Bayern"]
[Date "1999.??.??"]
[Round "?"]
[White "Stocker, Andreas"]
[Black "Schleupner, Kurt"]
[Result "1/2-1/2"]
[WhiteElo "2090"]
[BlackElo "1965"]

1.e4 c5 2.Nf3 Nc6 3.d4 cxd4 4.Nxd4 Nf6 5.Nc3 d6 6.Bg5 e6 7.Qd2 a6 8.O-O-O Be7
9.Nb3 Qc7 10.h4 Bd7 11.h5 h6 12.Bxf6 gxf6 13.Qe3 O-O-O 14.Rh3 Kb8 15.Rg3 Rc8
16.Kb1 Be8 17.Be2 Ne5 18.f4 Nc4 19.Bxc4 Qxc4 20.f5 Bd7 21.Nd4 Qc5 22.Qd3 Rhg8
23.Nde2 Qe5 24.Rf1 Rg5 25.Rxg5 fxg5 26.g4 Bf6 27.Rd1 Be7 28.Rf1 Be8 29.Nd4 Bf6
30.Rd1 d5 31.exd5 exd5 32.Nf3 Qf4 33.Nxd5 Qd6 34.Nxf6 Qxf6 35.Qd6+ Qxd6 36.Rxd6 Bc6
37.Ne5 Re8 38.Nxc6+ Kc7 39.Rd1 Kxc6 40.c3 Re4  1/2-1/2

[Event "Radulescu Memorial"]
[Site "Calimanesti"]
[Date "1999.??.??"]
[Round "2"]
[White "Moldovan, Daniel"]
[Black "Nevednichy, Vladislav"]
[Result "1/2-1/2"]
[WhiteElo "2456"]
[BlackElo "2505"]

1.e4 c5 2.Nf3 d6 3.d4 cxd4 4.Nxd4 Nf6 5.Nc3 Nc6 6.Bg5 e6 7.Qd2 a6 8.O-O-O Bd7
9.f4 h6 10.Bh4 g5 11.fxg5 Ng4 12.Be2 Nge5 13.Nf3 Be7 14.Kb1 hxg5 15.Bg3 b5
16.Rdf1 b4 17.Nd1 a5 18.Ne3 Qc7 19.Bxe5 Nxe5 20.Nxe5 dxe5 21.Ng4  1/2-1/2

[Event "Cannes"]
[Site "Cannes"]
[Date "1999.??.??"]
[Round "2"]
[White "Matkovic, Tonci"]
[Black "Nezar, Mustapha"]
[Result "1/2-1/2"]
[WhiteElo "2290"]
[BlackElo "2275"]

1.e4 c5 2.Nf3 d6 3.d4 cxd4 4.Nxd4 Nf6 5.Nc3 Nc6 6.Bg5 e6 7.Qd2 Be7 8.O-O-O O-O
9.f4 Nxd4 10.Qxd4 Qa5 11.e5 dxe5 12.Qxe5 Qxe5 13.fxe5 Nd5 14.Bxe7 Nxe7 15.Bd3 b6
16.Be4 Rb8 17.Nb5 Bb7 18.Rhe1 Bxe4 19.Rxe4 Rb7 20.c4 Nc6 21.a3 a6 22.Rd6 Rc8
23.Nd4 Nxd4 24.Rexd4 Kf8 25.b4 Ke7 26.Kd2 f6 27.exf6+ gxf6 28.Ke3 f5 29.Rd2 h5
30.a4 h4 31.b5 a5 32.R6d4 Rh8 33.Rd6 Rc8 34.R2d4 Rg8 35.Rd2 Rc8 36.R2d4  1/2-1/2

[Event "Ceske Budejovice op"]
[Site "Ceske Budejovice"]
[Date "1999.??.??"]
[Round "6"]
[White "Namyslo, Holger"]
[Black "Michenka, Jozef"]
[Result "0-1"]
[WhiteElo "2240"]
[BlackElo "2375"]

1.e4 c5 2.Nf3 Nc6 3.d4 cxd4 4.Nxd4 Nf6 5.Nc3 d6 6.Bg5 Bd7 7.Qd2 Nxd4 8.Qxd4 Qa5
9.f4 Rc8 10.O-O-O Rxc3 11.bxc3 e5 12.Qd3 Qxa2 13.fxe5 dxe5 14.Bxf6 Ba3+ 15.Kd2 gxf6
16.Ke1 Qe6 17.Be2 Ke7 18.Rf1 Qc6 19.Rxf6 Kxf6 20.Qxd7 Qxc3+ 21.Kf1 Qc8 22.Bh5 Be7
23.Qd5 Rf8 24.Rd3 Qc7 25.Rf3+ Kg7 26.Rxf7+ Rxf7+ 27.Qxf7+ Kh6 28.Bg4 Qd6
29.Qh5+ Kg7 30.Bf5 h6 31.Qg4+ Kf7 32.Qe2 a5 33.g3 Qc6 34.Qd3 a4 35.Bd7 Qf6+
36.Kg2 a3 37.Qd5+ Kg7 38.Qxb7 a2 39.Qb2 Qa6 40.Qa1 Bb4 41.Bf5 Kf6 42.Kh3 Bc3
43.Qxc3 a1=Q 44.Qc7 Qd1 45.Bg4 Qdd6 46.Qh7 Qf1+ 47.Kh4 Qe7 48.Qg8 Qg2 49.Bf5 Qxh2+
50.Kg4 h5+ 51.Kf3 Qa3+  0-1

[Event "Clichy"]
[Site "Clichy"]
[Date "1999.??.??"]
[Round "4"]
[White "Daillet, Emmanuel"]
[Black "Verat, Laurent"]
[Result "1/2-1/2"]
[WhiteElo "2279"]
[BlackElo "2294"]

1.e4 c5 2.Nf3 d6 3.d4 cxd4 4.Nxd4 Nf6 5.Nc3 Nc6 6.Bg5 e6 7.Qd2 a6 8.O-O-O Bd7
9.f4 h6 10.Bh4 Nxe4 11.Qe1 Nf6 12.Nf5 Qa5 13.Nxd6+ Bxd6 14.Rxd6 Qc7 15.Qd2 Ne7
16.Bxf6 gxf6 17.Bc4 Nf5 18.Rd3 O-O-O 19.Rd1 Bc6 20.g3 b5 21.Rxd8+ Rxd8 22.Qxd8+ Qxd8
23.Rxd8+ Kxd8 24.Bd3 Nd4 25.b4 f5 26.a4 Kc7 27.axb5 axb5 28.h4 f6 29.Kd2 e5
30.Ke3 Kd6 31.Ne2 Nxe2 32.Bxe2 Kd5 33.c3 Be8 34.Bf1 Bd7 35.Bd3 e4 36.Be2 Bc6
37.Kd2 Bd7 38.Bf1 Bc6 39.Be2 Bd7 40.Kc2 Be8 41.Kd2 Bd7  1/2-1/2

[Event "CZE-ch U18-20"]
[Site "CZE"]
[Date "1999.??.??"]
[Round "1"]
[White "Hitzgerova, Gabriela"]
[Black "Cvek, Robert"]
[Result "1-0"]
[WhiteElo "2240"]
[BlackElo "2440"]

1.e4 c5 2.Nf3 Nc6 3.d4 cxd4 4.Nxd4 Nf6 5.Nc3 d6 6.Bg5 e6 7.Qd2 a6 8.O-O-O h6
9.Be3 Qc7 10.f4 Bd7 11.Kb1 Be7 12.Be2 Na5 13.g4 Nc4 14.Bxc4 Qxc4 15.Rhg1 Nh7
16.h4 O-O-O 17.g5 g6 18.Qf2 b5 19.a3 hxg5 20.hxg5 Nf8 21.Nb3 Qc6 22.Na5 Qa8
23.Ba7 Bc6 24.Rg3 Nd7 25.Bd4 e5 26.Nxc6 Qxc6 27.Nd5 Kb7 28.Rc3 Nc5 29.Nxe7 Nxe4
30.Nxc6 Nxf2 31.Bxf2 Rc8 32.Rxd6  1-0

[Event "CZE-ch U18-20"]
[Site "CZE"]
[Date "1999.??.??"]
[Round "5"]
[White "Hitzgerova, Gabriela"]
[Black "Stastny, Jan"]
[Result "0-1"]
[WhiteElo "2240"]
[BlackElo "2170"]

1.e4 c5 2.Nf3 d6 3.d4 cxd4 4.Nxd4 Nf6 5.Nc3 Nc6 6.Bg5 e6 7.Qd2 a6 8.O-O-O Bd7
9.f4 b5 10.Nxc6 Bxc6 11.Qe1 Be7 12.Bxf6 Bxf6 13.Nd5 Bxd5 14.exd5 e5 15.g4 O-O
16.g5 Be7 17.h4 exf4 18.Qe4 f5 19.Qe6+ Rf7 20.Bd3 g6 21.Rdg1 Qf8 22.h5 Kh8
23.hxg6 Rg7 24.Rxh7+ Rxh7 25.gxh7 Qg7 26.g6 Bf6 27.c3 b4 28.Bxf5 bxc3 29.b3 c2
30.Bxc2 Bb2+ 31.Kb1 Ba3 32.Qg8+ Rxg8 33.hxg8=Q+ Kxg8  0-1

[Event "CZE-chT 9899"]
[Site "CZE"]
[Date "1999.??.??"]
[Round "7"]
[White "Prandstetter, Eduard"]
[Black "Belunek, Vladimir"]
[Result "1/2-1/2"]
[WhiteElo "2385"]
[BlackElo "2240"]

1.e4 c5 2.Nf3 d6 3.d4 cxd4 4.Nxd4 Nf6 5.Nc3 Nc6 6.Bg5 e6 7.Qd2 a6 8.O-O-O Bd7
9.f4 Be7 10.Nf3 b5 11.Bxf6 gxf6 12.Kb1 Qb6 13.f5 O-O-O 14.fxe6 fxe6 15.Qe1 Kb8
16.Ne2 Qe3 17.Ned4 Qxe1 18.Rxe1 Nxd4 19.Nxd4 e5 20.Nf5 Bxf5  1/2-1/2

[Event "Moravia-chT 9899"]
[Site "CZE"]
[Date "1999.??.??"]
[Round "8"]
[White "Blazkova, Petra"]
[Black "Belunek, Vladimir"]
[Result "1-0"]
[WhiteElo "2255"]
[BlackElo "2240"]

1.e4 c5 2.Nf3 d6 3.d4 cxd4 4.Nxd4 Nf6 5.Nc3 Nc6 6.Bg5 e6 7.Qd2 a6 8.O-O-O Bd7
9.f4 Be7 10.Bxf6 Bxf6 11.Nf3 Be7 12.Kb1 b5 13.f5 b4 14.fxe6 fxe6 15.Ne2 O-O
16.Ned4 Qc7 17.Be2 Ra7 18.Nxc6 Qxc6 19.Nd4 Qc5 20.Bg4 Qe5 21.Qxb4 Bf6 22.Be2 d5
23.Nf3 Qc7 24.e5 Bxe5 25.Nxe5 Qxe5 26.Bf3 Rb8 27.Qd4 Qc7 28.Rd3 Bb5 29.Re3 Bd7
30.Rd1 Rab7 31.b3 a5 32.Bxd5 exd5 33.Re7 Qxc2+ 34.Kxc2 Bf5+ 35.Kb2 Rxe7 36.Qxd5+ Be6
37.Qd6 Ree8 38.Re1 a4 39.b4 a3+ 40.Kxa3 Ra8+ 41.Kb2 Rxa2+ 42.Kb1 Bf5+ 43.Kxa2 Rxe1
44.b5 Kf7 45.b6 Re2+ 46.Ka3 Be4 47.Qe5 Re3+ 48.Kb2 Re1 49.Kc3 Rc1+ 50.Kd4 Rb1
51.Kxe4  1-0

[Event "DEN-chT 9899"]
[Site "Denmark"]
[Date "1999.??.??"]
[Round "4"]
[White "Borge, Nikolaj"]
[Black "Pedersen, Steffen"]
[Result "1-0"]
[WhiteElo "2390"]
[BlackElo "2415"]

1.e4 c5 2.Nf3 d6 3.d4 cxd4 4.Nxd4 Nf6 5.Nc3 Nc6 6.Bg5 e6 7.Qd2 a6 8.O-O-O Nxd4
9.Qxd4 Be7 10.f4 b5 11.Bxf6 gxf6 12.Be2 Qa5 13.e5 dxe5 14.fxe5 f5 15.Bf3 Rb8
16.g4 b4 17.gxf5 bxc3 18.Bc6+ Bd7 19.Qxd7+ Kf8 20.f6 Ba3 21.Ba4 Bxb2+ 22.Kb1 Ba3+
23.Bb3 Rg8 24.Qa7 Rd8 25.Rd7 Rxd7 26.Qxd7 Qb5 27.Qd8+  1-0

[Event "Dresden (Women)"]
[Site "Dresden"]
[Date "1999.??.??"]
[Round "?"]
[White "Koglin, Anke"]
[Black "Madl, Ildiko"]
[Result "1/2-1/2"]
[WhiteElo "2260"]
[BlackElo "2435"]

1.e4 c5 2.Nf3 d6 3.d4 cxd4 4.Nxd4 Nf6 5.Nc3 Nc6 6.Bg5 e6 7.Qd2 a6 8.O-O-O Bd7
9.f4 b5 10.Nxc6 Bxc6 11.Bxf6 Qxf6 12.Bd3 Qd4 13.Kb1 Qc5 14.Rhf1 Be7 15.g4 h6
16.Ne2 Bf6 17.Ng3 O-O-O 18.Qe2 Rhg8 19.Nh5 Be7 20.f5 Qe5 21.fxe6 fxe6 22.Rf7 Rd7
23.c3 g6 24.Ng3 Rc7 25.Rdf1 Be8 26.R7f2 h5 27.Qd1 hxg4  1/2-1/2

[Event "Dresden (Women)"]
[Site "Dresden"]
[Date "1999.??.??"]
[Round "?"]
[White "Paehtz, Elisabeth"]
[Black "Madl, Ildiko"]
[Result "1/2-1/2"]
[WhiteElo "2275"]
[BlackElo "2435"]

1.e4 c5 2.Nf3 d6 3.d4 cxd4 4.Nxd4 Nf6 5.Nc3 Nc6 6.Bg5 e6 7.Qd2 a6 8.O-O-O Bd7
9.f3 Be7 10.Kb1 Rc8 11.Nb3 b5 12.h4 Ne5 13.Bd3 Nc4 14.Bxc4 Rxc4 15.Be3 b4
16.Ne2 e5 17.g4 Be6 18.Ng3 Nd7 19.g5 g6 20.h5 a5 21.Rh2 Rf8 22.hxg6 hxg6
23.Ne2  1/2-1/2

[Event "Cataluna-chT"]
[Site "ESP"]
[Date "1999.??.??"]
[Round "3"]
[White "Baches Garcia, Guillermo"]
[Black "Garcia Ilundain, David"]
[Result "1/2-1/2"]
[WhiteElo "2345"]
[BlackElo "2550"]

1.e4 c5 2.Nf3 d6 3.d4 cxd4 4.Nxd4 Nf6 5.Nc3 Nc6 6.Bg5 e6 7.Qd2 h6 8.Bxf6 gxf6
9.O-O-O a6 10.f4 Bd7 11.Be2 h5 12.Rhf1 Qb6 13.Nb3 O-O-O 14.Rf3 Ne5 15.Rh3 h4
16.Kb1 Ng6 17.Rd3 Be7  1/2-1/2

[Event "Cataluna-chT"]
[Site "ESP"]
[Date "1999.??.??"]
[Round "4"]
[White "Korneev, Oleg"]
[Black "Baches Garcia, Guillermo"]
[Result "1-0"]
[WhiteElo "2605"]
[BlackElo "2345"]

1.e4 c5 2.Nf3 d6 3.d4 cxd4 4.Nxd4 Nf6 5.Nc3 Nc6 6.Bg5 e6 7.Qd2 Be7 8.O-O-O Nxd4
9.Qxd4 a6 10.Kb1 b5 11.e5 dxe5 12.Qxe5 Bd7 13.Ne4 Nxe4 14.Bxe7 Qxe7 15.Qxe4 O-O
16.Bd3 f5 17.Qe5 Bc6 18.f3 Qf6 19.Rhe1 Qxe5 20.Rxe5 Kf7 21.Rde1 Rfe8 22.a4 Rab8
23.Rc5 Rec8 24.Ree5 Bd5 25.Rxc8 Rxc8 26.Bxf5 Rc4 27.Be4 Bxe4 28.Rxe4 Rxe4
29.fxe4 Kf6 30.c4 bxc4 31.Kc2 Ke5 32.Kc3 Kxe4 33.Kxc4 e5 34.b4 Ke3 35.b5 axb5+
36.axb5 e4 37.b6 Kd2 38.b7 e3 39.b8=Q e2 40.Qb2+  1-0

[Event "Cataluna-chT"]
[Site "ESP"]
[Date "1999.??.??"]
[Round "5"]
[White "De la Riva Aguado, Oscar"]
[Black "Garcia Ilundain, David"]
[Result "1/2-1/2"]
[WhiteElo "2535"]
[BlackElo "2550"]

1.e4 c5 2.Nf3 d6 3.d4 cxd4 4.Nxd4 Nf6 5.Nc3 Nc6 6.Bg5 e6 7.Qd2 a6 8.O-O-O Bd7
9.f3 Qa5 10.h4 b5 11.Kb1 h6 12.Be3 Nxd4 13.Bxd4 b4 14.Ne2 e5  1/2-1/2

[Event "Cataluna-chT"]
[Site "ESP"]
[Date "1999.??.??"]
[Round "6"]
[White "Sanchez Luque, J."]
[Black "Estremera Panos, Sergio"]
[Result "0-1"]
[WhiteElo "2155"]
[BlackElo "2405"]

1.e4 c5 2.Nf3 d6 3.d4 cxd4 4.Nxd4 Nf6 5.Nc3 Nc6 6.Bg5 e6 7.f4 h6 8.Bxf6 Qxf6
9.Nde2 a6 10.Qd2 Qd8 11.O-O-O Qc7 12.g4 Be7 13.h4 Bd7 14.Qe3 O-O-O 15.Nd4 Kb8
16.Nxc6+ Bxc6 17.Be2 Bf6 18.Bf3 Qa5 19.e5 Bxf3 20.exf6 Bxh1 21.fxg7 Rhg8
22.Rxh1 Rxg7 23.g5 hxg5 24.hxg5 Rgg8 25.a3 Rh8 26.Rd1 Qf5 27.Kb1 d5 28.Rd4 Rh3
29.Qf2 Rc8 30.Ka2 Rc6 31.Rb4 Rh1 32.Qd4 Rh3 33.Rxb7+ Kxb7 34.Qb4+ Kc8 35.Qf8+ Kd7
36.Qa8 Rhxc3  0-1

[Event "FIN-chT9899"]
[Site "FIN"]
[Date "1999.??.??"]
[Round "6"]
[White "Leino, Jukka"]
[Black "Nieminen, Kari"]
[Result "1-0"]
[WhiteElo "2186"]
[BlackElo "2225"]

1.e4 c5 2.Nf3 d6 3.d4 cxd4 4.Nxd4 Nf6 5.Nc3 Nc6 6.Bg5 e6 7.Qd2 Be7 8.O-O-O O-O
9.f3 Nxd4 10.Qxd4 Qa5 11.Bd2 Qd8 12.Be3 e5 13.Qd2 Be6 14.Kb1 Qd7 15.g4 Rfd8
16.g5 Ne8 17.Bb5 Qc8 18.Bxe8 Rxe8 19.Nd5 Bxd5 20.Qxd5 Qc6 21.Rhg1 Rec8 22.Rg2 Qxd5
23.Rxd5 Rc6 24.h4 f6 25.Rd1 fxg5 26.hxg5 Rf8 27.Rg3 a6 28.c3 Rcc8 29.Kc2 g6
30.Kd3 Rf7 31.a4 Rcf8 32.Ke2 Rc8 33.Rd3 b5 34.axb5 axb5 35.Bd2 Bf8 36.Rd5 Rb7
37.b4 Ra8 38.f4 exf4 39.Bxf4 Re8 40.Kd3 Re6 41.Be3 Re8 42.Rg1 Ra8 43.Rf1 Be7
44.Bd4 Ra2 45.Bf6 Bf8 46.Re1 h5 47.gxh6 Bxh6 48.Bg5 Bf8 49.Bd2 Raa7 50.Rg5 Kf7
51.Rf1+ Ke8 52.Rxg6 Rf7 53.Rgf6 Rxf6 54.Rxf6 Be7 55.Rf5 Rb7 56.Kd4 Kd7 57.Bg5 Bxg5
58.Rxg5 Kc6 59.c4 bxc4 60.Kxc4 Re7 61.b5+ Kb6 62.Kd5 Re8 63.Rg6 Kxb5 64.Rxd6  1-0

[Event "FIN-chT9899"]
[Site "FIN"]
[Date "1999.??.??"]
[Round "8"]
[White "Saastamoinen, Aarne"]
[Black "Lassila, Erkki"]
[Result "0-1"]
[WhiteElo "2193"]
[BlackElo "2326"]

1.e4 c5 2.Nf3 d6 3.d4 cxd4 4.Nxd4 Nf6 5.Nc3 Nc6 6.Bg5 e6 7.Qd2 a6 8.O-O-O h6
9.Be3 Be7 10.f4 Nxd4 11.Bxd4 b5 12.Bd3 b4 13.Ne2 e5 14.fxe5 dxe5 15.Bg1 O-O
16.Kb1 Qc7 17.h3 Rd8 18.Qe3 Be6 19.g4 Nd7 20.Ng3 Nc5 21.Nf5 Bf8 22.Bf2 Na4
23.Be1 Nc3+ 24.Bxc3 bxc3 25.b3 Bc5 26.Qc1 a5 27.a4 Qb7 28.Ka2 Rab8 29.Bb5 Qxe4
30.Rde1 Qb4 31.Rxe5 Rd2  0-1

[Event "FIN-chT9899"]
[Site "FIN"]
[Date "1999.??.??"]
[Round "9"]
[White "Holmsten, Aleksei"]
[Black "Veingold, Aleksandr"]
[Result "1/2-1/2"]
[WhiteElo "2373"]
[BlackElo "2477"]

1.e4 c5 2.Nf3 d6 3.d4 cxd4 4.Nxd4 Nf6 5.Nc3 Nc6 6.Bg5 e6 7.Qd2 a6 8.O-O-O Bd7
9.f4 b5 10.Bxf6 gxf6 11.Nxc6 Bxc6 12.Qe1 b4 13.Nd5 a5 14.f5 Bxd5  1/2-1/2

[Event "FIN-chT9899"]
[Site "FIN"]
[Date "1999.??.??"]
[Round "9"]
[White "Rantanen, Yrjo A"]
[Black "Maki, Veijo"]
[Result "1/2-1/2"]
[WhiteElo "2356"]
[BlackElo "2380"]

1.e4 c5 2.Nf3 d6 3.d4 cxd4 4.Nxd4 Nf6 5.Nc3 Nc6 6.Bg5 e6 7.Qd2 a6 8.O-O-O Bd7
9.f4 Be7 10.Nf3 b5 11.Bxf6 gxf6 12.f5 Qb6 13.g3  1/2-1/2

[Event "FRA-ch U18"]
[Site "FRA"]
[Date "1999.??.??"]
[Round "?"]
[White "Lamorelle, Julien"]
[Black "Abergel, Thal"]
[Result "1-0"]
[WhiteElo "2145"]
[BlackElo "2221"]

1.e4 c5 2.Nf3 Nc6 3.d4 cxd4 4.Nxd4 Nf6 5.Nc3 d6 6.Bg5 e6 7.Qd2 a6 8.O-O-O h6
9.Be3 Bd7 10.f4 b5 11.Bd3 Rc8 12.h3 Nb4 13.Kb1 Nxd3 14.Qxd3 b4 15.Nce2 d5
16.exd5 Nxd5 17.f5 e5 18.Nf3 Nxe3 19.Qxe3 f6 20.Nh4 Qc7 21.Rd2 Qc5 22.Qg3 h5
23.Qg6+ Ke7 24.Qg3 Rh6 25.Rhd1 Ba4 26.Qd3 Bb5 27.Qf3 Kf7 28.Ng3 Qc6 29.Ne4 a5
30.Ng6 a4 31.g4 b3 32.axb3 axb3 33.Ng5+ Kg8 34.Qxc6 Bxc6 35.Rd8 bxc2+ 36.Kxc2 Be4+
37.Kb3 Bc2+ 38.Ka2 Rxd8 39.Rxd8 Rxg6 40.Ne6 Kf7 41.Rxf8+ Ke7 42.Rc8  1-0

[Event "Oberliga Ost B9899"]
[Site "GER"]
[Date "1999.??.??"]
[Round "?"]
[White "Paehtz, Thomas Jr"]
[Black "Klee, Mario"]
[Result "1/2-1/2"]
[WhiteElo "2155"]
[BlackElo "2145"]

1.Nc3 c5 2.Nf3 Nc6 3.d4 cxd4 4.Nxd4 Nf6 5.e4 d6 6.Bg5 Bd7 7.Qd2 Rc8 8.O-O-O Nxd4
9.Qxd4 Qa5 10.Bxf6 gxf6 11.Bc4 Qc5 12.Bd5 b6 13.Qd2 Bg7 14.f4 f5 15.e5 dxe5
16.Bxf7+ Kxf7 17.Qxd7 exf4 18.Rd5 Qe3+ 19.Kb1 Rhd8 20.Qxf5+ Kg8 21.Rhd1 Rf8
22.Qg4 h6 23.Nb5 Rc5 24.R5d3 Qe5 25.Nd4 Rfc8 26.c3 Qg5 27.Qe6+ Kh8 28.Nf3 Qf6
29.Qe4 Qf5 30.Rd8+ Rxd8 31.Rxd8+ Kh7 32.Qxf5+ Rxf5 33.Rd7 e5 34.Re7 Kg8 35.Kc2 Bf6
36.Rxa7 e4 37.Nd2 f3 38.gxf3 exf3 39.Rd7 Bg5 40.Nf1 Re5 41.Rd1 Re2+ 42.Kb1 f2
43.a4 Kf7 44.b4 Bf6 45.Rc1 Re1 46.Kb2 Ke6 47.a5 bxa5 48.bxa5 Bxc3+ 49.Rxc3 Rxf1
50.Rf3 Kd7 51.a6 Kc7 52.Rf7+ Kb8 53.a7+ Ka8 54.Ka2 h5 55.Kb2 h4 56.h3 Rh1  1/2-1/2

[Event "Oberliga Nord O9899"]
[Site "GER"]
[Date "1999.??.??"]
[Round "?"]
[White "Rosenthal, Dirk"]
[Black "Lisek, Juergen"]
[Result "1/2-1/2"]
[WhiteElo "2340"]
[BlackElo "2300"]

1.e4 c5 2.Nf3 Nc6 3.d4 cxd4 4.Nxd4 Nf6 5.Nc3 d6 6.Bg5 Bd7 7.Qd2 a6 8.O-O-O e6
9.f4 Be7 10.Nf3 b5 11.e5 b4 12.exd6 bxc3 13.Qxc3 Bf8 14.f5 h6 15.Bh4 Rg8
16.Bd3 Qb6 17.fxe6 Bxe6 18.Bxf6 gxf6 19.Be4 Nb4 20.Qxf6 Rd8 21.Bf5 Rxd6 22.Rxd6 Qxd6
23.Bxe6 fxe6 24.Re1 Be7 25.Rxe6 Qc7 26.Ne1 Kd8 27.Qf3 Rf8 28.Qe4 Bg5+ 29.Kb1 Qf4
30.Qxf4 Rxf4 31.Nf3 Rf6 32.Re4 Rd6 33.Re1 Bf6 34.c3 Nc6 35.Kc2 Kd7 36.Re4 Re6
37.Kd3 Rxe4 38.Kxe4 Ke6 39.g4 Bg5 40.b3 Bf6 41.c4 a5 42.h4 Nb4 43.g5 hxg5
44.hxg5 Bb2 45.Nd4+ Bxd4 46.Kxd4 Nxa2 47.c5 Nb4 48.Kc4 Nc6 49.Kb5 Nd4+ 50.Kb6 Nxb3
51.c6 Nd2 52.g6 Ne4 53.Kxa5  1/2-1/2

[Event "Oberliga Nord N9899"]
[Site "GER"]
[Date "1999.??.??"]
[Round "?"]
[White "Nurkiewicz, Maciej"]
[Black "Neffe, Axel"]
[Result "1-0"]
[WhiteElo "2285"]
[BlackElo "2245"]

1.e4 c5 2.Nf3 Nc6 3.d4 cxd4 4.Nxd4 Nf6 5.Nc3 d6 6.Bg5 e6 7.Qd2 a6 8.O-O-O Bd7
9.f3 b5 10.Nxc6 Bxc6 11.Ne2 Be7 12.Nd4 Bd7 13.h4 Qc7 14.Kb1 Qb7 15.g4 O-O
16.Be3 Rfd8 17.g5 Nh5 18.Bh3 g6 19.Bg4 Ng7 20.h5 e5 21.hxg6 Bxg4 22.fxg4 Qxe4
23.Nf5 Nxf5 24.Qh2 Nh4 25.gxf7+ Kxf7 26.Qxh4 Rh8 27.Bc1 Rac8 28.Rh2 Ke6 29.Qg3 Rc4
30.Rd3 Rf8 31.Qg1 Rg8 32.Rh6+ Rg6 33.Rxh7 Rc5 34.Qf2  1-0

[Event "DDMM (Women)"]
[Site "Germany"]
[Date "1999.??.??"]
[Round "5.2"]
[White "Mietzner, Tina"]
[Black "Espig, Gesine"]
[Result "1/2-1/2"]
[WhiteElo "2085"]
[BlackElo "2060"]

1.e4 c5 2.Nf3 Nc6 3.d4 cxd4 4.Nxd4 Nf6 5.Nc3 d6 6.Bg5 e6 7.Be2 Be7 8.O-O a6
9.Qd2 Qc7 10.Rad1 Na5 11.Nb3 Nc4 12.Bxc4 Qxc4 13.Bxf6 gxf6 14.Qh6 b5 15.Rd4 Qc7
16.Qg7 Rf8 17.Qxh7 Bb7 18.a4  1/2-1/2

[Event "Gyongyos op"]
[Site "Gyongyos"]
[Date "1999.??.??"]
[Round "1"]
[White "Vereb, Andras"]
[Black "Galianina, Julia"]
[Result "1/2-1/2"]
[WhiteElo "2085"]
[BlackElo "2325"]

1.e4 c5 2.Nf3 Nc6 3.d4 cxd4 4.Nxd4 Nf6 5.Nc3 d6 6.Bg5 e6 7.Qd2 a6 8.O-O-O h6
9.Be3 Qc7 10.h3 Bd7 11.Nb3 b5 12.a3 Ne5 13.f4 Nc4 14.Qf2 Nxe3 15.Qxe3 Be7
16.Kb1 Bc6 17.Bd3 Rb8 18.Rhe1 a5 19.Nd4 b4 20.axb4 Rxb4 21.Ncb5 Qb7 22.Qe2 O-O
23.Nxc6 Qxc6 24.c3 Rb3 25.Bc4 a4 26.Nd4 Qb7 27.Bxb3 axb3 28.Qb5 Qa8 29.Qxb3 Nxe4
30.Qa2 Qb7 31.Qb3 Qa8 32.Qa2 Qb7  1/2-1/2

[Event "GER-ch U20 int"]
[Site "Hamburg"]
[Date "1999.??.??"]
[Round "6"]
[White "Schneider, Henning"]
[Black "Klimov, Sergey"]
[Result "1/2-1/2"]
[WhiteElo "2188"]
[BlackElo "2416"]

1.e4 c5 2.Nf3 Nc6 3.d4 cxd4 4.Nxd4 Nf6 5.Nc3 d6 6.Bg5 e6 7.Qd2 a6 8.O-O-O h6
9.Be3 Be7 10.f3 Nxd4 11.Qxd4 b5 12.g4 e5 13.Qd3 Be6 14.Rg1 Qa5 15.Kb1 Rc8
16.Nd5 Bxd5 17.exd5 Nd7 18.h4 Bxh4 19.Rh1 Qd8 20.Qa3 Nb8 21.f4 Bg3 22.fxe5 Bxe5
23.g5 O-O 24.gxh6 g6 25.Bd4 Bxd4 26.Rxd4 Qf6 27.Rd1 Rfe8 28.Bd3 Re3 29.Qa5 Rce8
30.a3 Qe5 31.Rhf1 Qh2 32.Qc7 R3e7 33.h7+ Kg7 34.Qc3+ Qe5 35.Qb4 Nd7 36.Qh4 Nc5
37.Rh1 Kh8 38.Rhf1 Nd7 39.Rf2 Qxd5 40.Rfd2 Qe5 41.Bf1 Qf6 42.Qg3 Re3 43.Qxd6 Qxd6
44.Rxd6 Nc5 45.c4 Kxh7 46.cxb5 axb5 47.Bxb5  1/2-1/2

[Event "Havana Provincial-B"]
[Site "Havana"]
[Date "1999.??.??"]
[Round "?"]
[White "Vega, Lemay"]
[Black "Suri, Alberto"]
[Result "1-0"]
[WhiteElo "2275"]
[BlackElo "2305"]

1.e4 c5 2.Nf3 Nc6 3.d4 cxd4 4.Nxd4 Nf6 5.Nc3 d6 6.Bg5 e6 7.Qd2 a6 8.O-O-O Bd7
9.f4 Be7 10.Nf3 b5 11.e5 b4 12.exf6 bxc3 13.Qxc3 gxf6 14.Bh4 d5 15.Kb1 Rc8
16.Nd4 Nb4 17.Qb3 Qa5 18.Be1 Ba4 19.Qa3 Nc6 20.Qxe7+ Kxe7 21.Bxa5 Nxa5 22.Bxa6 Ra8
23.Bd3 Nb7 24.b3 Bd7 25.c4 e5 26.Rhe1 e4 27.cxd5 f5 28.Bf1 Kd6 29.Nc2 Ke7
30.Ne3 Nd6 31.Kb2 Ra7 32.a3 Rb8 33.Rc1 Rab7 34.Rc3 Ra7 35.Rec1 Rba8 36.Ra1 Rb8
37.Rac1 Rba8 38.Ra1 Rb8 39.Nc2 Rbb7 40.Rd1 Ra5 41.Nb4 Ra8 42.Nc6+ Kf6 43.Ne5 Be8
44.Rc6 Ke7 45.Rc5 Rxb3+ 46.Kxb3 Ba4+ 47.Kb4 Bxd1 48.Rc7+ Ke8 49.Kc5 Rd8 50.Nc6 Rd7
51.Rxd7 Kxd7 52.Ne5+ Ke7 53.Nc4 Nxc4 54.Kxc4 Kd6 55.g3 Bc2 56.Kd4 Ba4 57.Bh3 Bd7
58.a4 e3 59.Kxe3 Bxa4 60.Bxf5 Kxd5 61.Bxh7 Ke6 62.g4 Kf6 63.Bf5 Kg7 64.Kd4 Bd1
65.h4 Bf3 66.g5 Bd1 67.Ke5 Be2 68.Be4 Bd1 69.f5 Be2 70.f6+ Kg8 71.Kf4 Bd1
72.Bf3 Bc2 73.h5 Bb3 74.Be4 Bd1 75.h6 Bb3 76.Ke5 Ba2 77.Kd6 Bb3 78.Ke7 Ba2
79.Bf5 Bb3 80.h7+ Kh8 81.g6 fxg6 82.Be6 Kxh7 83.f7  1-0

[Event "Helsinki op2"]
[Site "Helsinki"]
[Date "1999.??.??"]
[Round "1"]
[White "Holmsten, Aleksei"]
[Black "Lehtinen, Antti"]
[Result "0-1"]
[WhiteElo "2373"]
[BlackElo "2155"]

1.e4 c5 2.Nf3 d6 3.d4 cxd4 4.Nxd4 Nf6 5.Nc3 Nc6 6.Bg5 e6 7.Qd2 a6 8.O-O-O h6
9.Be3 Be7 10.Be2 Nxd4 11.Qxd4 e5 12.Qa4+ Bd7 13.Qb3 b5 14.f4 Be6 15.Nd5 exf4
16.Bxf4 Rc8 17.Nxf6+ Bxf6 18.Qa3 Bg5 19.g3 Qc7 20.Rd2 O-O 21.Bxg5 hxg5 22.Qxd6 Qa5
23.a3 Rfd8 24.Qb4 Rxd2 25.Qxd2 Qa4 26.Bd3 a5 27.Qxg5 Qb3 28.Rd1 f6 29.Qf4 Qa2
30.Qd6 Bg4 31.Rf1 Qa1+ 32.Kd2 Qxb2 33.Qd5+ Kf8 34.Qb3 Qe5 35.Qxb5 Rc5 36.Qb6 Qh5
37.Rf2 Qh6+  0-1

[Event "Helsinki op"]
[Site "Helsinki"]
[Date "1999.??.??"]
[Round "4"]
[White "Sorsa, Nuutti"]
[Black "Veingold, Aleksandr"]
[Result "1/2-1/2"]
[WhiteElo "2226"]
[BlackElo "2477"]

1.e4 c5 2.Nf3 d6 3.d4 cxd4 4.Nxd4 Nf6 5.Nc3 Nc6 6.Bg5 e6 7.Qd2 a6 8.O-O-O Bd7
9.Kb1 h6 10.Be3 Ng4 11.Nxc6 bxc6 12.Bf4 e5  1/2-1/2